| 000 | 01042nam a2200241 i 4500 | ||
|---|---|---|---|
| 001 | 30688 | ||
| 003 | ES-MaACL | ||
| 005 | 20260407134049.0 | ||
| 007 | t| | ||
| 008 | 030127s1918 sp ||||1| spa d | ||
| 100 | 1 |
_aBeltrán y Rózpide, Ricardo. _927381 |
|
| 245 | 1 | 0 |
_aJuan Fernández y el descubrimiento de la Australia _b: estudio crítico bibliográfico / _cpor Ricardo Beltrán y Rózpide. |
| 260 |
_aMadrid : _b[s.n.], _c1918 ( _fImp. del Patronato de Huérfanos de Intendencia e Intervención Militares) |
||
| 300 |
_a16 p. ; _c23 cm. |
||
| 530 | _aDisponible en formato digital. | ||
| 600 | 1 | 4 |
_aFernández, Juan ( _d1530?-1599) _9151884 |
| 651 |
_aAustralia- _xDescubrimientos y exploraciones. _9173767 |
||
| 710 | 2 |
_aPatronato de Huérfanos de Intendencia e Intervención Militares. _96172 |
|
| 852 |
_aES-MaACL _j1569-F-18 _931833 _cDEPOF _zRevisado enlace: 28 de Marzo de 2025 |
||
| 856 | 4 |
_uhttp://bdh-rd.bne.es/viewer.vm?id=0000242511&page=1 _yBiblioteca Digital Hispánica |
|
| 942 | _2udc | ||
| 999 |
_c30688 _d30688 |
||